Are we wasting the 'peace dividend'? (Record no. 73119)

MARC details
000 -LEADER
fixed length control field 01346cam a2200241 4500
001 - CONTROL NUMBER
control field ABS66925
008 - FIXED-LENGTH DATA ELEMENTS--GENERAL INFORMATION
fixed length control field 030729n2003 000 0 eng u
035 ## - SYSTEM CONTROL NUMBER
System control number (Sirsi) u123135
100 ## - MAIN ENTRY--PERSONAL NAME
Personal name Clark, C.
245 ## - TITLE STATEMENT
Title Are we wasting the 'peace dividend'?
260 ## - PUBLICATION, DISTRIBUTION, ETC.
Date of publication, distribution, etc. 2003
490 ## - SERIES STATEMENT
Series statement Town & Country Planning
Volume/sequential designation 72(5) June 2003, 150-154(5)
520 ## - SUMMARY, ETC.
Summary, etc. Reports on the large-scale sale of redundant MOD sites and argues for changes to the current disposal system. Outlines arrangements for the sale of government land such as the 1992 Treasury rules (DOA 13/92) and highlights public criticism against the disposals system and Crown immunity. Suggests a number of key areas need addressing such as the Treasury rules, the Defence Estates' remit, the transparency of early stages before site release, the role of local authorities and communities, uncertainties in the MOD's planning, responsibility for decontamination, conservation issues and subsequent uses following initial sale. Briefly looks at good practice in the US and Sweden and provides some case studies of defence site re-use. References.
590 ## - LOCAL NOTE (RLIN)
Local note ABS
650 ## - SUBJECT ADDED ENTRY--TOPICAL TERM
Topical term or geographic name entry element LAND DISPOSAL
650 ## - SUBJECT ADDED ENTRY--TOPICAL TERM
Topical term or geographic name entry element DEFENCE PROPERTY
650 ## - SUBJECT ADDED ENTRY--TOPICAL TERM
Topical term or geographic name entry element DEFENCE ESTATES
650 ## - SUBJECT ADDED ENTRY--TOPICAL TERM
Topical term or geographic name entry element GOVERNMENT LAND
650 ## - SUBJECT ADDED ENTRY--TOPICAL TERM
Topical term or geographic name entry element CROWN IMMUNITY
650 ## - SUBJECT ADDED ENTRY--TOPICAL TERM
Topical term or geographic name entry element MOD PROPERTY
690 ## - LOCAL SUBJECT ADDED ENTRY--TOPICAL TERM (OCLC, RLIN)
Topical term or geographic name as entry element PROPERTY
942 ## - ADDED ENTRY ELEMENTS (KOHA)
Suppress in OPAC 0
Holdings
Withdrawn status Lost status Source of classification or shelving scheme Damaged status Not for loan Home library Current library Shelving location Date acquired Total Checkouts Full call number Barcode Date last seen Copy number Price effective from Koha item type
    Dewey Decimal Classification     London London Journal article 29/07/2003   ABS66925 123135-1001 06/08/2019 1 06/08/2019 Journal article